Memoirs of a Maverick: The First Fifty Years (19411991) (Record no. 41462)

MARC details
000 -LEADER
fixed length control field 00392nam a2200133Ia 4500
008 - FIXED-LENGTH DATA ELEMENTS--GENERAL INFORMATION
fixed length control field 240719s9999 xx 000 0 und d
041 ## - LANGUAGE CODE
Language code of text/sound track or separate title eng
082 ## - DEWEY DECIMAL CLASSIFICATION NUMBER
Classification number 828.9 AIY
100 ## - MAIN ENTRY--PERSONAL NAME
Personal name Aiyar Shankar Mani
245 ## - TITLE STATEMENT
Title Memoirs of a Maverick: The First Fifty Years (19411991)
260 ## - PUBLICATION, DISTRIBUTION, ETC.
Place of publication, distribution, etc. New Dehli
Name of publisher, distributor, etc. Juggernaut
Date of publication, distribution, etc. 2023
300 ## - PHYSICAL DESCRIPTION
Extent 379.; 22 P. Cm
520 ## - SUMMARY, ETC.
Summary, etc. Faculty Purchase By Dr. Jitendra Sharma
Holdings
Withdrawn status Lost status Damaged status Not for loan Home library Current library Shelving location Date acquired Source of acquisition Cost, normal purchase price Full call number Barcode Date last seen Price effective from Koha item type
        IMTN IMTN Rack 43-A 10/31/2023 Amazon 762.00 828.9 AIY 33157 07/19/2024 01/09/2023 Books
Designed & Maintained by: LRC IMT Nagpur Contact: lrc@imtnag.ac.in© 2024. All Rights Reserved.